Gender and housing access: experiences of low income groups in Bulawayo (Record no. 5394)

MARC details
000 -LEADER
fixed length control field 00680nam a22002057a 4500
003 - CONTROL NUMBER IDENTIFIER
control field OSt
005 - DATE AND TIME OF LATEST TRANSACTION
control field 20250710114841.0
008 - FIXED-LENGTH DATA ELEMENTS--GENERAL INFORMATION
fixed length control field 250710b |||||||| |||| 00| 0 eng d
020 ## - INTERNATIONAL STANDARD BOOK NUMBER
International Standard Book Number 99911-31-36-1
041 ## - LANGUAGE CODE
Language code of text/sound track or separate title English
082 ## - DEWEY DECIMAL CLASSIFICATION NUMBER
Classification number 305.4-GW Acc No. 10,993
100 ## - MAIN ENTRY--PERSONAL NAME
Personal name GWEBU, Thando D.
245 ## - TITLE STATEMENT
Title Gender and housing access: experiences of low income groups in Bulawayo
260 ## - PUBLICATION, DISTRIBUTION, ETC.
Place of publication, distribution, etc. Lesotho:
Name of publisher, distributor, etc. Institute of Southern African Studies,
Date of publication, distribution, etc. 2003.
300 ## - PHYSICAL DESCRIPTION
Extent 61p., tabs
490 ## - SERIES STATEMENT
Series statement (ISAS GRUPHEL III Research Report Series No. 4 2003)
500 ## - GENERAL NOTE
General note includes abb., app.,
653 ## - INDEX TERM--UNCONTROLLED
Uncontrolled term 1. Low income groups in Bulawayo 2. Gender and Housing Access
942 ## - ADDED ENTRY ELEMENTS (KOHA)
Source of classification or shelving scheme Dewey Decimal Classification
Koha item type Books
Suppress in OPAC No
Holdings
Withdrawn status Lost status Source of classification or shelving scheme Damaged status Not for loan Home library Current library Shelving location Date acquired Total checkouts Full call number Date last seen Copy number Price effective from Koha item type
    Dewey Decimal Classification     Main Library Main Library Open Shelves 10/07/2025   305.4-GW Acc No. 10,993 10/07/2025 C1 10/07/2025 Books
©2026  Parliament of Ghana Library - All rights reserved